00988nam a2200217 4500001000700000003000900007005001700016007000300033008004100036245028200077260003100359300002200390490004000412700002800452700002700480710005200507830004800559852002200607999001900629952012200648121184ES-MaACL20230906191715.0t|070214s1984 fr r ||||1| fre d00aPreuve et raisons áa l'Université de Paris b: logique, ontologie et thélogie au XIVe siècle : actes de la table ronde internacionale organisée par le Laboratoire associé au C. N. R. S. nº 152 du 5 au 7 novembre 1981 /cedités par Zénon Kaluza et Paul Vignaux. aParis : bJ. Vrin, c1984. a310 p. ; c25 cm.1 aEtudes de philosophie médiévale1 aKaluza, Zénon.9674641 aVignaux, Paul.91146452 aCentre d'études des religions du Livre.925430 aEtudes de philosophie médiévale9183352 aES-MaACLjL-11859 c121184d121184 00104070aATENEOMbATENEOMcDEPO2d2008-01-17eSCl0oL-11859p1126298r2023-02-23 00:00:00w2023-02-23yMONOGRAFIA